000 00666nam a2200229 i 4500
001 180053
003 ES-MaACL
005 20230906220958.0
008 120404s2011 sp |||| | spa d
020 _a978-84-7962-693-8
080 _a821.134.2-14"19"
100 1 _aJiménez López, Félix.
_966550
245 1 0 _aOleaje de nubes-- y calma /
_cFélix Jiménez.
260 _aMadrid :
_bVerbum,
_c[2011]
300 _a77 p. ;
_c20 cm.
490 1 _aVerbum poesía
594 _aPrólogo, José Guadalajara.
700 1 _aGuadalajara Medina, José.
_960269
830 0 _aVerbum poesía
_9179410
852 _aES-MaACL
_j2309-F-13
999 _c180053
_d180053